| 000 | 01188nam0a22003371 4500 | ||
|---|---|---|---|
| 001 | rc\2136612 | ||
| 005 | 20250623020745.0 | ||
| 035 | _a(NLR Aleph) 006523949 | ||
| 090 |
_a6460660 _c6460660 |
||
| 100 | _a20110826d1979 |||y0rusy50 ca | ||
| 101 | 0 | _arus | |
| 102 | _aRU | ||
| 105 | _aa z ||||| | ||
| 200 | 1 |
_aПлодоводство Западного Урала _fЛ. Ежов, Н. Толкачева, М. Концевой |
|
| 210 |
_aПермь _cКн. изд-во _d1979 |
||
| 215 |
_a205 с. _cил. _d20 |
||
| 606 |
_aПлодоводство _yПермская область _2psbo |
||
| 606 |
_aПлодоводство _yУдмуртская АССР _2psbo |
||
| 686 |
_aП25.0 _2rubbk |
||
| 686 |
_a42.35 _2rubbk |
||
| 686 |
_aП9(2Р36,3)25,0 _2rubbk |
||
| 700 | 1 |
_aЕжов _bЛ.А. _gЛеонид Александрович |
|
| 701 | 1 |
_aКонцевой _bМ.Г. _gМихаил Григорьевич |
|
| 701 | 1 |
_aТолкачева _bН.Н. _gНаталья Николаевна |
|
| 801 | 0 |
_aRU _bNLR _gpsbo |
|
| 801 | 1 |
_aRU _bELAR _2rusmarc |
|
| 852 |
_aNLR _j79-3/5546 |
||
| 899 |
_aRuMoRGB _jM 79-34/71 |
||
| 899 |
_aRuMoRGB _jB 79-34/72 |
||
| 942 | _cBOOK | ||
| 980 | _aNB | ||